1702 1243 1021 1706 1484 1429 1256 1043 1999 1086 1207 1627 1686 1223 1937 1449 1460 1100 1807 1824 1890 1247 1142 1816 1933 1914 1873 1834 1017 1918 1009 1592 1058 1951 1497 1154 1026 1532 1692 1309 1250 1764 1763 1682 1655 1735 1966 1133 1018 1889 1858 1903 1444 1052 1784 1760 1585 1157 1122 1128 1439 1441 1190 1428 1658 1726 1359 1400 1063 1939 1815 1881 1223 1748 1878 1122 1740 1721 1137 1138 1466 1312 1492 1628 1165 1403 1265 1380 1322 1834 1003 1517 1518 1673 1388 1452 1676 1679 1477 BCNSPRNW ULIB Ver.6.0+V

เปลี่ยนเป็นภาษาไทย

Change to English
 แสดงรายละเอียดบรรณานุกรม
  กลับหน้าหลัก

Brief Record : Get Marc (ISO 2709) : E-mail record : QR code < ปิดหน้าต่าง
LEADER : 00000nam 2200000uu 4500
001    13399122013
003     ULIB
008    121219s2555||||th 000 0 tha d
020    978616112646
060  4 WY29^bส435ม
110 1  สภาการพยาบาล
245 00 มาตรฐานกำหนดตำแหน่งสายงานพยาบาล^cสภาการพยาบาล
260    นนทบุรี:^bสภาการพยาบาลกระทรวงสาธารณสุข,^c2555
300    115 หน้า
650  0 พยาบาล^xการจำแนกตำแหน่ง
945    ^p0^l0^i033228
945    ^p0^l0^i033229
995    เกษร
999    ^aใช้งานได้ทุกระบบ
รายการนี้ยังไม่มีแท็ก
คุณยังไม่ได้ล็อกอิน คุณสามารถมีกิจกรรมร่วมกับเว็บไซต์ได้ แต่ต้องล็อกอินก่อน ::
  ล็อกอิน

รายการสื่อสารสนเทศ

ลำดับที่ ประเภท เลขเรียก/บาร์โค้ด สถานที่ สถานะ
1. Book การพยาบาล
หนังสือสำรอง
สถานะ=หนังสือสำรอง
WY29 ส435ม ฉ.1 
  Barcode: 033228
ห้องสมุดวิทยาเขตสวรรค์ประชารักษ์
►ส่วนจัดเก็บหนังสือเก่า สปร
บนชั้น
  ขอยืม
2. Book การพยาบาล
Book การพยาบาล
WY29 ส435ม ฉ.2 
  Barcode: 033229
ห้องสมุดวิทยาเขตสวรรค์ประชารักษ์
►ส่วนจัดเก็บหนังสือเก่า สปร
บนชั้น
  ขอยืม

BibComment


ยังไม่เคยถูกคอมเมนท์

คอมเมนท์ทรัพยากรรายการนี้
  คอมเมนท์: มาตรฐานกำหนดตำแหน..


 Copyright 2026. Bcnsprnw @Library